| 000 | 00731cab a2200229 4500 | ||
|---|---|---|---|
| 001 | WB3316-40 | ||
| 008 | 090401t1997 xxu||||| |||| 00| 0 eng d | ||
| 035 | _a(Sirsi) u77950 | ||
| 041 | _aeng | ||
| 245 | _aMAFF statistics | ||
| 260 | _c1997 | ||
| 350 | _a0 | ||
| 490 |
_aMAFF Statistics _v(Stats 82/97) 21 April 1997 (2) |
||
| 520 | _aResults from the first Annual Survey of Tenanted Land. Data on the area of land rented-in, rent paid for that land, type of rental agreements held and whether agreement covered buildings or land. | ||
| 650 | _aANNUAL SURVEY OF TENANTED LAND | ||
| 650 | _aFARM RENTS | ||
| 650 | _aFARMLAND | ||
| 650 | _aSTATISTICS | ||
| 690 | _aRURAL PRACTICE | ||
| 942 | _n0 | ||
| 948 | _c25/04/1997 | ||
| 999 |
_c49021 _d49021 |
||